000
00286 a2200121 4500
000
nam a22 7a 4500
005
20251203111101.0
020
_a
9789773415355
100
_a
Zarok, Al-Hussain
_9
853997
245
_a
Nasusunnaqad al-adabi
260
_b
Al-Saqafa
_c
2011
942
_c
TB
999
_c
1465771
_d
1465771